Politika poskytovania investičných stimulov vo vybraných krajinách bakalárska práca

Guardado en:
Detalles Bibliográficos
Autor principal: Michalíková, Monika
Autor Corporativo: Národohospodárska fakulta EU. Katedra ekonómie
Otros Autores: Hudcovský, Martin, 1988-
Formato: Libro
Lenguaje:eslovaco
Publicado: Bratislava 2017
Etiquetas: Agregar Etiqueta
Sin Etiquetas, Sea el primero en etiquetar este registro!

MARC

LEADER 00000nbm a2200000 4500
001 0233721
005 20180306131413.6
041 0 |a slo 
044 |a SK 
245 1 0 |a Politika poskytovania investičných stimulov vo vybraných krajinách  |b bakalárska práca  |c Monika Michalíková ; školiteľ: Martin Hudcovský 
264 1 |a Bratislava  |c 2017 
300 |a 45 s. 
100 1 |a Michalíková, Monika 
700 1 |a Hudcovský, Martin, 1988- 
710 2 |a Národohospodárska fakulta EU. Katedra ekonómie